| 000 | 01120nam a22003377a 4500 | ||
|---|---|---|---|
| 003 | CHAP | ||
| 005 | 20220329143752.0 | ||
| 008 | 110801s2010 us a r 00010 eng d | ||
| 010 | _a101667 | ||
| 011 | _a102639 | ||
| 020 | _a9783642191841 | ||
| 035 | _a113328 | ||
| 040 | _cCHAP | ||
| 082 | 0 | 4 |
_a632.1 _bS19 |
| 245 | 0 | 0 |
_aManaging weather and climate risks in agriculture _c/editado por Mannava V. K. Sivakumar y Raymond P. Motha |
| 260 |
_aNew York _bSpringer, _c2010 |
||
| 300 |
_axxx, 503 p. : _bilus., gráfs., mapas, tablas |
||
| 590 |
_aBATCH-UPD _b10 _c20130110 _lUCH01 _h1554 |
||
| 590 |
_aBATCH-UPD _b10 _c20130410 _lUCH01 _h0952 |
||
| 590 |
_aBATCH-UPD _b10 _c20130914 _lUCH01 _h1127 |
||
| 590 |
_aCONVERSION _b10 _c20130109 _lUCH01 _h1356 |
||
| 650 | 1 | 4 |
_aCultivos y clima. _930392 |
| 650 | 1 | 4 |
_aFenología. _940043 |
| 650 | 1 | 4 |
_aFenómenos atmosféricos. _940046 |
| 650 | 1 | 4 |
_aMeteorología agrícola. _975217 |
| 700 | 0 |
_aSivakumar, M. V. K. _9106798 |
|
| 700 | 1 |
_aMotha, Raymond P. _979087 |
|
| 901 | _aBK | ||
| 942 | _cLIBRO | ||
| 949 |
_a632.1 S19 _bBC _cLIBRO _d33724002244892 _eLIBRO _h115416 _i113328 _sb |
||
| 999 |
_c101667 _d101667 |
||